| 000 | 00991nam a22002537a 4500 | ||
|---|---|---|---|
| 005 | 20170124103116.0 | ||
| 010 | _aB-068430 | ||
| 020 |
_c120.00 _a8128400010 |
||
| 035 | _aB-068430 | ||
| 037 | _bCen Lib/Ret | ||
| 040 |
_aDPL _bHN |
||
| 082 |
_aउ _bप्रेमचं |
||
| 100 |
_aप्रेमचंद _980900 |
||
| 245 |
_aकायाकल्प / _cप्रेमचंद |
||
| 246 |
_aKayakalp / _bby Premchand |
||
| 260 |
_aनई दिल्ली _bडायमंड पॉकेट बुक्स _c2002 |
||
| 270 |
_aX-30, ओखला इंडस्ट्रीयल एरिया, फेज-2 _bनई दिल्ली _e110020 |
||
| 300 |
_a439पृ. _c21सेमी(सजिल्द) |
||
| 650 |
_a साहित्य--उपन्यास _980901 |
||
| 650 |
_aहिंदी उपन्यास _980902 |
||
| 650 |
_a Literature--Novel _980903 |
||
| 650 |
_aHindi novel _980904 |
||
| 942 |
_2ddc _cHN _hउ _mप्रेमचं |
||
| 999 |
_c118569 _d118569 |
||